Statistics for NBA Player by hairline

Click here to take the quiz!

General Stats

  • This quiz has been taken 53 times
  • The average score is 5 of 12

Answer Stats

Answer% Correct
Steven Adams
90%
Jeremy Sochan
71%
Tyler Herro
71%
Joe Ingles
63%
Tyrese Haliburton
51%
Jimmy Butler
41%
Udonis Haslem
37%
John Wall
15%
Evan Fournier
10%
Kira Lewis Jr
10%
Dewayne Dedmon
7%
Tim Hardaway Jr
5%

Score Distribution

Percentile by Number Answered

Percent of People with Each Score

Your Score History

You have not taken this quiz